Rob's General Knowledge - Multiple Choice #11 - Statistics

General Stats
  • This quiz has been taken 23 times
  • The average score is 10 of 20
Answer Stats
Question Answer % Correct
Katsushika Hokusai famously painted "Thirty-Six Views" of which mountain? Fuji
100%
Apocalypse Now was originally based on a book by which author? Joseph Conrad
100%
Roy Lichtenstein and Andy Warhol were pioneers of which artistic movement? Pop Art
88%
Who was the Supreme Commander of the British forces during the Second World War? Bernard Law Montgomery
75%
Who was the shortest-serving British Prime Minister? Liz Truss
75%
What type of app is Strava? Fitness app
63%
H1N1 refers to which disease? Influenza
63%
Which country is known as Aotearoa in its native language? New Zealand
63%
Ada Lovelace was an early pioneer of which field? Computing
50%
What comes next in the following sequence?: WJC, GWB, BHO, DJT, JRB, ... DJT
50%
In the UK, a 'silk' sometimes refers to a member of which trade? Law
50%
Samus Aran is the protagonist of which video game series? Metroid
50%
David Stirling founded which military unit? Special Air Service
50%
The Darién Gap separates which two countries? Panama and Colombia
38%
'Have it your way' is the slogan of which fast food chain? Burger King
25%
Extracts from which country's national anthem can be heard in Tchaikovsky's '1812 Overture'? France
25%
If I hosted a daily radio show billed as JASON DJ - FM, which month would I be off the air? June
25%
Levi Strauss originally invented blue jeans for which group of people? Miners
25%
Mswati III is the current king of which country? Eswatini
13%
Which of the Nobel Prizes is NOT awarded in Sweden? Peace
13%
No matching quizzes found
Score Distribution
Percent of People with Each Score
Percentile by Number Answered
Your Score History
You have not taken this quiz